[Event "Ruhrgebiet Verbandsliga Gruppe 1 1819"]
[Site "Nordrheinwestfalen"]
[Date "2018.12.02"]
[Round "4.8"]
[White "Jung, Benn"]
[Black "Lucke, Thomas"]
[Result "1/2-1/2"]
[WhiteElo "1699"]
[BlackElo "1855"]
[PlyCount "50"]
[EventDate "2018.09.23"]
[EventType "team-tourn"]
[EventRounds "9"]
[EventCountry "GER"]
[SourceTitle "EXT 2022"]
[Source "ChessBase"]
[SourceDate "2021.10.06"]
[SourceVersion "1"]
[SourceVersionDate "2021.10.06"]
[SourceQuality "1"]
[WhiteTeam "Bochum SG III"]
[BlackTeam "Sodingen/Castrop SK II"]
[WhiteTeamCountry "GER"]
[BlackTeamCountry "GER"]

1. b3 d5 2. Bb2 Bf5 3. g3 e6 4. Bg2 Nf6 5. f4 Bc5 6. d4 Bd6 7. h3 h5 8. e3 Ne4 9. Bxe4 Bxe4 10. Nf3 Nd7 11. Nbd2 Nf6 12. Rg1 c6 13. c3 Qc7 14. Nxe4 Nxe4 15. Nd2 Nxd2 16. Qxd2 0-0-0 17. a3 f6 18. c4 dxc4 19. bxc4 e5 20. Qc2 exd4 21. Qf5+ Qd7 22. Qxd7+ Rxd7 23. Bxd4 Bc7 24. Kf2 Ba5 25. Kf3 b6 1/2-1/2

[Event "Ruhrgebiet Verbandsklasse Gruppe 2 1718"]
[Site "Germany"]
[Date "2018.02.04"]
[Round "6.2"]
[White "Lucke, Thomas"]
[Black "Koenig, Christian"]
[Result "1/2-1/2"]
[WhiteElo "1827"]
[BlackElo "2028"]
[PlyCount "46"]
[EventDate "2017.09.17"]
[EventType "team-tourn"]
[EventRounds "9"]
[EventCountry "GER"]
[SourceTitle "EXT 2022"]
[Source "ChessBase"]
[SourceDate "2021.10.06"]
[SourceVersion "1"]
[SourceVersionDate "2021.10.06"]
[SourceQuality "1"]
[WhiteTeam "Sodingen/Castrop SK III"]
[BlackTeam "Dortmund Matt Inn"]
[WhiteTeamCountry "GER"]
[BlackTeamCountry "GER"]

1. d4 Nf6 2. Nf3 g6 3. g3 Bg7 4. Bg2 d6 5. 0-0 0-0 6. c4 Nbd7 7. Qc2 e5 8. Rd1 Re8 9. Nc3 exd4 10. Nxd4 a6 11. e3 Rb8 12. b3 Qe7 13. Bb2 Ne5 14. h3 Bd7 15. Kh2 h5 16. Nd5 Nxd5 17. cxd5 h4 18. Qxc7 hxg3+ 19. fxg3 Qg5 20. Qc1 Qh5 21. Re1 Nd3 22. Qd2 Nxe1 23. Rxe1 Be5 1/2-1/2

[Event "Ruhrgebiet Verbandsklasse Gruppe 2 1718"]
[Site "Germany"]
[Date "2017.12.03"]
[Round "4.2"]
[White "Lucke, Thomas"]
[Black "Landau, Christian"]
[Result "1/2-1/2"]
[WhiteElo "1827"]
[BlackElo "2040"]
[PlyCount "41"]
[EventDate "2017.09.17"]
[EventType "team-tourn"]
[EventRounds "9"]
[EventCountry "GER"]
[SourceTitle "EXT 2022"]
[Source "ChessBase"]
[SourceDate "2021.10.06"]
[SourceVersion "1"]
[SourceVersionDate "2021.10.06"]
[SourceQuality "1"]
[WhiteTeam "Sodingen/Castrop SK III"]
[BlackTeam "Steele/Kray Rochade"]
[WhiteTeamCountry "GER"]
[BlackTeamCountry "GER"]

1. d4 g6 2. Nf3 Bg7 3. g3 c5 4. c3 Nf6 5. Bg2 0-0 6. 0-0 d5 7. b3 Nc6 8. Bb2 Qa5 9. e3 Bf5 10. dxc5 Qxc5 11. Nd4 Bxb1 12. Rxb1 Rfd8 13. Qe2 Rac8 14. Rbc1 Qa5 15. a3 Qb6 16. c4 Nxd4 17. Bxd4 Qxb3 18. cxd5 Rxc1 19. Rxc1 Nxd5 20. Qc4 Qxc4 21. Rxc4 1/2-1/2

[Event "Ruhrgebiet Verbandsklasse Gruppe 1 1516"]
[Site "Germany"]
[Date "2015.11.08"]
[Round "3.5"]
[White "Lucke, Thomas"]
[Black "Schlee, Ulrich"]
[Result "1-0"]
[WhiteElo "1850"]
[BlackElo "1695"]
[PlyCount "109"]
[EventDate "2015.09.06"]
[EventType "team-tourn"]
[EventRounds "9"]
[EventCountry "GER"]
[SourceTitle "EXT 2022"]
[Source "ChessBase"]
[SourceDate "2021.10.06"]
[SourceVersion "1"]
[SourceVersionDate "2021.10.06"]
[SourceQuality "1"]
[WhiteTeam "Sodingen/Castrop SK III"]
[BlackTeam "Wattenscheid SV IV"]
[WhiteTeamCountry "GER"]
[BlackTeamCountry "GER"]

1. d4 d5 2. Nf3 Nf6 3. g3 c6 4. Bg2 Bf5 5. 0-0 Nbd7 6. b3 e6 7. c4 Bd6 8. Bb2 0-0 9. Nc3 Re8 10. Nd2 e5 11. dxe5 Bxe5 12. e3 Bg4 13. Qc2 Nc5 14. cxd5 Nxd5 15. Nxd5 Bxb2 16. Qxb2 cxd5 17. Qd4 Ne4 18. b4 Be2 19. Rfe1 Ba6 20. Rac1 Nxd2 21. Qxd2 Qb6 22. Bxd5 Rad8 23. Red1 Bb5 24. Qc3 Ba4 25. Rd2 h6 26. e4 Rc8 27. Qb2 Rxc1+ 28. Qxc1 Qxb4 29. Rb2 Qd6 30. Rxb7 Re7 31. Qc8+ Kh7 32. Qa8 Bc6 33. Bxc6 Qxc6 34. Rxa7 Qxa8 35. Rxa8 Rxe4 36. Ra6 Re1+ 37. Kg2 h5 38. h3 g6 39. a4 Ra1 40. Kf3 Ra2 41. g4 hxg4+ 42. hxg4 Kg7 43. g5 Ra3+ 44. Ke4 Ra2 45. f3 Ra1 46. a5 Re1+ 47. Kd4 Rf1 48. Rf6 Ra1 49. a6 Ra4+ 50. Kc3 Ra3+ 51. Kb4 Ra1 52. Kb5 Rb1+ 53. Kc6 Ra1 54. Kb7 Ra5 55. f4 1-0

[Event "Ruhrgebiet Verbandsklasse Gruppe 2 1415"]
[Site "Germany"]
[Date "2015.04.26"]
[Round "9.3"]
[White "Ratzmann, Stefan"]
[Black "Lucke, Thomas"]
[Result "1/2-1/2"]
[WhiteElo "1911"]
[BlackElo "1850"]
[PlyCount "53"]
[EventDate "2014.09.21"]
[EventType "team-tourn"]
[EventRounds "9"]
[EventCountry "GER"]
[SourceTitle "EXT 2022"]
[Source "ChessBase"]
[SourceDate "2021.10.06"]
[SourceVersion "1"]
[SourceVersionDate "2021.10.06"]
[SourceQuality "1"]
[WhiteTeam "Oberhausen SV III"]
[BlackTeam "Castrop Rauxel II"]
[WhiteTeamCountry "GER"]
[BlackTeamCountry "GER"]

1. d4 d5 2. Nf3 Nf6 3. e3 c6 4. c4 Bf5 5. Nc3 e6 6. Qb3 Qb6 7. c5 Qc7 8. Qd1 Nbd7 9. b4 a6 10. Bb2 Be7 11. Bd3 Bxd3 12. Qxd3 0-0 13. 0-0 e5 14. dxe5 Nxe5 15. Nxe5 Qxe5 16. Na4 Qc7 17. Qd4 Ne8 18. Nb6 Rd8 19. Qg4 Bf6 20. Bd4 Bxd4 21. exd4 Nf6 22. Qf5 Rfe8 23. Rfe1 Re7 24. Rxe7 Qxe7 25. Nc8 Qc7 26. Nd6 Ne8 27. Nxe8 1/2-1/2

[Event "Ruhrgebiet Verbandsklasse Gruppe 2 1415"]
[Site "Germany"]
[Date "2014.09.21"]
[Round "1.3"]
[White "Lucke, Thomas"]
[Black "Spillmann, Peter"]
[Result "1-0"]
[WhiteElo "1875"]
[BlackElo "1875"]
[PlyCount "65"]
[EventDate "2014.09.21"]
[EventType "team-tourn"]
[EventRounds "9"]
[EventCountry "GER"]
[SourceTitle "EXT 2022"]
[Source "ChessBase"]
[SourceDate "2021.10.06"]
[SourceVersion "1"]
[SourceVersionDate "2021.10.06"]
[SourceQuality "1"]
[WhiteTeam "Castrop Rauxel II"]
[BlackTeam "Recklinghausen Altstadt"]
[WhiteTeamCountry "GER"]
[BlackTeamCountry "GER"]

1. d4 f5 2. e4 fxe4 3. Nc3 Nf6 4. Bg5 Nc6 5. d5 Ne5 6. Qd4 Nf7 7. Bh4 e5 8. dxe6 dxe6 9. Qxd8+ Nxd8 10. 0-0-0 Bd6 11. Bb5+ Nc6 12. Bxf6 gxf6 13. Nxe4 Bf4+ 14. Kb1 0-0 15. Ne2 Bh6 16. Nc5 Nd8 17. Nd7 Bxd7 18. Rxd7 Rf7 19. Rhd1 Rxd7 20. Rxd7 c5 21. g4 Kh8 22. Bd3 Bg7 23. Nf4 Kg8 24. Bxh7+ Kh8 25. Be4 f5 26. gxf5 exf5 27. Bxf5 Nc6 28. Ng6+ Kg8 29. Be4 Re8 30. f3 Nd4 31. c3 Ne2 32. Kc2 Ng1 33. Rxb7 1-0

[Event "NRW Verbandsklasse Group2 1314"]
[Site "Nordrheinwestfalen"]
[Date "2013.11.24"]
[Round "4.5"]
[White "Sokalskaja, Elena"]
[Black "Lucke, Thomas"]
[Result "1-0"]
[WhiteElo "1926"]
[BlackElo "1884"]
[PlyCount "93"]
[EventDate "2013.09.08"]
[EventType "team-tourn"]
[EventRounds "9"]
[EventCountry "GER"]
[SourceTitle "EXT 2020"]
[Source "ChessBase"]
[SourceDate "2019.10.17"]
[SourceVersion "1"]
[SourceVersionDate "2019.10.17"]
[SourceQuality "1"]
[WhiteTeam "Muelheim Nord IV"]
[BlackTeam "Castrop Rauxel II"]
[WhiteTeamCountry "GER"]
[BlackTeamCountry "GER"]

1. d4 d5 2. Nf3 c6 3. g3 Nf6 4. Bg2 Bf5 5. 0-0 h6 6. c4 e6 7. Nc3 Nbd7 8. Qb3 Qb6 9. c5 Qxb3 10. axb3 Be7 11. b4 0-0 12. b5 Ne4 13. bxc6 bxc6 14. Bf4 g5 15. Bc7 Rfc8 16. Ba5 Rab8 17. Ra2 e5 18. e3 Rb7 19. Rfa1 g4 20. Ne1 Ng5 21. b4 exd4 22. exd4 Bf6 23. b5 Nb8 24. Rd1 Ne6 25. bxc6 Nxc6 26. Nxd5 Bxd4 27. Bd2 h5 28. Be3 Rb5 29. Ra6 Kf8 30. Rxc6 Rxc6 31. Bxd4 Nxd4 32. Rxd4 Rcxc5 33. Rd1 a5 34. Ne3 Be6 35. Nd3 Rc3 36. Nf4 Rbc5 37. Nxe6+ fxe6 38. h3 gxh3 39. Bxh3 Ke7 40. Rd4 Rc1+ 41. Kg2 Ra1 42. Re4 e5 43. Nc4 Kf6 44. Nb6 Rd1 45. Nd7+ Rxd7 46. Bxd7 Rd5 47. Ba4 1-0

[Event "Ruhrgebiet VK2 1213"]
[Site "Nordrheinwestfalen"]
[Date "2013.02.03"]
[Round "6"]
[White "Lucke, Thomas"]
[Black "Stremmel, Ralf"]
[Result "0-1"]
[WhiteElo "1915"]
[BlackElo "1991"]
[PlyCount "132"]
[EventDate "2012.09.02"]
[EventType "team-tourn"]
[EventRounds "9"]
[EventCountry "GER"]
[SourceTitle "EXT 2020"]
[Source "ChessBase"]
[SourceDate "2019.10.17"]
[SourceVersion "1"]
[SourceVersionDate "2019.10.17"]
[SourceQuality "1"]
[WhiteTeam "Castrop Rauxel II"]
[BlackTeam "Katernberg SF III"]
[WhiteTeamCountry "GER"]
[BlackTeamCountry "GER"]

1. d4 Nf6 2. Nf3 e6 3. g3 b6 4. Bg2 Bb7 5. 0-0 Be7 6. c4 0-0 7. Nc3 Ne4 8. Qd3 Nxc3 9. Qxc3 f5 10. b3 Bf6 11. Bb2 Qe8 12. Qd2 Qh5 13. Ne1 Bxg2 14. Nxg2 g5 15. e3 Nc6 16. f4 g4 17. Kf2 Nd8 18. Qe2 Nf7 19. h4 Nd6 20. Kg1 Ne4 21. Kh2 Qf7 22. Rac1 Qe7 23. Rfd1 a5 24. a3 Rad8 25. Rc2 d6 26. Qe1 Rfe8 27. Rb1 Rd7 28. b4 axb4 29. axb4 Ra8 30. Ra1 Rdd8 31. Rcc1 Qe8 32. b5 d5 33. Qe2 Rxa1 34. Rxa1 Ra8 35. cxd5 Rxa1 36. Bxa1 Qa8 37. Qb2 Qxd5 38. Qc2 Bd8 39. Qc6 Qxc6 40. bxc6 Nd2 41. Ne1 Nf1+ 42. Kg2 Nxe3+ 43. Kf2 Nc4 44. Nd3 Be7 45. Bc3 Kf8 46. Ke2 Ba3 47. Ne5 Nd6 48. Kd3 Ke7 49. Bd2 Ne4 50. Be1 Bd6 51. Nc4 Kd8 52. Kc2 Be7 53. Ne3 Nf6 54. Kb3 Nd5 55. Nc2 Bf6 56. Kc4 Ne7 57. Nb4 Nc8 58. Kd3 Be7 59. Nc2 Na7 60. d5 exd5 61. Kd4 Nxc6+ 62. Kxd5 Kd7 63. Ne3 Nb4+ 64. Kc4 Nc6 65. Nxf5 Bf8 66. Bc3 Ne7 0-1

[Event "Ruhrgebiet VK1 1112"]
[Site "Nordrheinwestfalen"]
[Date "2012.01.08"]
[Round "5"]
[White "Lucke, Thomas"]
[Black "Funke, Eckhard"]
[Result "1/2-1/2"]
[WhiteElo "1915"]
[BlackElo "1865"]
[PlyCount "56"]
[EventDate "2012.09.18"]
[EventType "team-tourn"]
[EventRounds "9"]
[EventCountry "GER"]
[SourceTitle "EXT 2020"]
[Source "ChessBase"]
[SourceDate "2019.10.17"]
[SourceVersion "1"]
[SourceVersionDate "2019.10.17"]
[SourceQuality "1"]
[WhiteTeam "Castrop Rauxel"]
[BlackTeam "Hoentrop SG"]
[WhiteTeamCountry "GER"]
[BlackTeamCountry "GER"]

1. d4 d5 2. Nf3 e6 3. g3 Nf6 4. c4 Bb4+ 5. Nc3 dxc4 6. Qa4+ Nc6 7. a3 Bxc3+ 8. bxc3 Qd5 9. Bf4 Bd7 10. Qc2 Qe4 11. Qb2 Nd5 12. Bd2 h6 13. Bg2 Qh7 14. 0-0 0-0 15. e4 Nb6 16. Rfe1 Na5 17. Ne5 Nb3 18. Rad1 Nxd2 19. Rxd2 Bc6 20. Qb4 Rfe8 21. Nxc4 Nxc4 22. Qxc4 Qg6 23. f4 Qf6 24. Rb2 Qe7 25. Qb4 Qxb4 26. Rxb4 Rac8 27. Kf2 b6 28. c4 Ba8 1/2-1/2

[Event "Ruhrgebiet VK1 0910"]
[Site "Ruhrgebiet"]
[Date "2010.02.07"]
[Round "6.6"]
[White "Lucke, Thomas"]
[Black "Kudsin, Alexander"]
[Result "1-0"]
[WhiteElo "1908"]
[BlackElo "1864"]
[PlyCount "99"]
[EventDate "2009.09.06"]
[EventType "team"]
[EventRounds "9"]
[EventCountry "GER"]
[SourceTitle "EXT 2011"]
[Source "ChessBase"]
[SourceDate "2010.11.26"]
[SourceVersion "1"]
[SourceVersionDate "2010.11.26"]
[SourceQuality "1"]
[WhiteTeam "Castrop Rauxel II"]
[BlackTeam "Hervest Dorsten"]
[WhiteTeamCountry "GER"]
[BlackTeamCountry "GER"]

1. d4 Nf6 2. Nf3 g6 3. g3 d5 4. Bg2 Bg7 5. c4 c6 6. cxd5 cxd5 7. 0-0 0-0 8. Nc3 Nc6 9. Ne5 e6 10. Nxc6 bxc6 11. b3 Nd7 12. Ba3 Re8 13. Rc1 Qb6 14. e3 a5 15. Na4 Qb5 16. Qc2 Ba6 17. Rfd1 Rec8 18. Qd2 Qb7 19. e4 Bb5 20. Nc5 Nxc5 21. Bxc5 a4 22. b4 dxe4 23. Bxe4 Qd7 24. f4 h5 25. Qg2 Bh6 26. Rc3 Ra6 27. a3 Qe8 28. Qc2 Rd8 29. Kf2 Bg7 30. h3 Rd7 31. Ke3 Qd8 32. Bf3 Qf6 33. g4 g5 34. fxg5 Qxg5+ 35. Kf2 Qf4 36. Qe4 Qh2+ 37. Bg2 h4 38. g5 Rd5 39. Qxh4 Rf5+ 40. Rf3 Rxf3+ 41. Kxf3 Be2+ 42. Kxe2 Qxg2+ 43. Ke3 Ra8 44. Rd2 Qf1 45. Qg3 Rd8 46. h4 Rd5 47. h5 Qc4 48. h6 Be5 49. Qf2 Bh8 50. h7+ 1-0

[Event "Ruhrgebiet VL1 0708"]
[Site "Germany"]
[Date "2008.01.20"]
[Round "5.6"]
[White "Lucke, Thomas"]
[Black "Hinz, Arne"]
[Result "0-1"]
[WhiteElo "1850"]
[BlackElo "1968"]
[PlyCount "80"]
[EventDate "2007.09.02"]
[EventType "team-tourn"]
[EventRounds "9"]
[EventCountry "GER"]
[SourceTitle "EXT 2009"]
[Source "ChessBase"]
[SourceDate "2008.11.26"]
[SourceVersion "1"]
[SourceVersionDate "2008.11.26"]
[SourceQuality "1"]
[WhiteTeam "Castrop Rauxel II"]
[BlackTeam "Bochum 31 III"]
[WhiteTeamCountry "GER"]
[BlackTeamCountry "GER"]

1. d4 Nf6 2. Nf3 g6 3. g3 Bg7 4. Bg2 d6 5. 0-0 0-0 6. c4 Nc6 7. Nc3 a6 8. e4 e5 9. d5 Ne7 10. h3 Nd7 11. Be3 h6 12. Qd2 Kh7 13. Ne1 f5 14. Nd3 Nf6 15. f3 g5 16. g4 fxe4 17. fxe4 Ng6 18. c5 Nf4 19. cxd6 cxd6 20. Nxf4 exf4 21. Bd4 Nd7 22. Bxg7 Kxg7 23. Ne2 Ne5 24. Nd4 Qb6 25. Kh2 Bd7 26. b3 Rac8 27. Bf3 Rc5 28. Rac1 Rfc8 29. Rxc5 Qxc5 30. Kg2 Qc3 31. Rf2 Kf6 32. Qxc3 Rxc3 33. Rd2 Nxf3 34. Nxf3 Re3 35. Kf2 Rxe4 36. Rc2 Re7 37. Rc7 Bb5 38. Rc2 Bd3 39. Rd2 Be4 40. Nd4 Re5 0-1

[Event "Ruhrgebiet VL2 0405"]
[Site "Ruhrgebiet"]
[Date "2005.02.20"]
[Round "7.6"]
[White "Kuipers, Dustin"]
[Black "Lucke, Thomas"]
[Result "1-0"]
[WhiteElo "1913"]
[BlackElo "1880"]
[PlyCount "61"]
[EventDate "2004.09.12"]
[EventType "team-tourn"]
[EventRounds "9"]
[EventCountry "GER"]
[SourceTitle "EXT 2006"]
[Source "ChessBase"]
[SourceDate "2005.11.24"]
[SourceVersion "1"]
[SourceVersionDate "2005.11.24"]
[SourceQuality "1"]
[WhiteTeam "Muelheim Nord III"]
[BlackTeam "Castrop Rauxel II"]
[WhiteTeamCountry "GER"]
[BlackTeamCountry "GER"]

1. e4 c6 2. d4 d5 3. e5 Bf5 4. Nc3 e6 5. g4 Bg6 6. Nge2 c5 7. h4 h6 8. Be3 Nd7 9. Qd2 a6 10. Bg2 Ne7 11. 0-0-0 Nc6 12. f4 Be7 13. Rdf1 cxd4 14. Nxd4 Nxd4 15. Bxd4 Bxh4 16. Kb1 Be7 17. f5 Bh7 18. fxe6 fxe6 19. Nxd5 Bg5 20. Qb4 exd5 21. Bxd5 Qc7 22. Bf7+ Kd8 23. e6 Qxc2+ 24. Ka1 Rc8 25. Qd6 Qc6 26. Bb6+ Rc7 27. Qxc6 bxc6 28. Rd1 Ke7 29. Bxc7 Nf6 30. Bd6+ Kd8 31. Bf8+ 1-0

[Event "Ruhrgebiet VL2 0405"]
[Site "Ruhrgebiet"]
[Date "2005.01.30"]
[Round "6.7"]
[White "Steinle, Carsten"]
[Black "Lucke, Thomas"]
[Result "1-0"]
[WhiteElo "2024"]
[BlackElo "1880"]
[PlyCount "79"]
[EventDate "2004.09.12"]
[EventType "team-tourn"]
[EventRounds "9"]
[EventCountry "GER"]
[SourceTitle "EXT 2006"]
[Source "ChessBase"]
[SourceDate "2005.11.24"]
[SourceVersion "1"]
[SourceVersionDate "2005.11.24"]
[SourceQuality "1"]
[WhiteTeam "Ahlen"]
[BlackTeam "Castrop Rauxel II"]
[WhiteTeamCountry "GER"]
[BlackTeamCountry "GER"]

1. Nf3 g6 2. g3 Bg7 3. Bg2 d6 4. 0-0 e5 5. c4 f5 6. Nc3 Nf6 7. d4 e4 8. Nd2 c6 9. e3 Be6 10. Qc2 d5 11. b3 0-0 12. Ba3 Rf7 13. Rac1 a6 14. cxd5 cxd5 15. Qb2 Nc6 16. Na4 Nd7 17. Rc2 Bf8 18. Bxf8 Rxf8 19. a3 Rc8 20. Rfc1 Qe7 21. Bf1 Ndb8 22. b4 Na7 23. Nc5 b5 24. Ndb3 Rc7 25. Nxe6 Rxc2 26. Qxc2 Qxe6 27. Qc7 Nbc6 28. Nc5 Qc8 29. Qf4 Qd8 30. Ne6 Qe7 31. Nxf8 Kxf8 32. h4 Kg7 33. Rc5 Qd7 34. Be2 h6 35. g4 Qf7 36. Qd6 Ne7 37. Qb8 fxg4 38. Qe5+ Kf8 39. Bxg4 h5 40. Be6 1-0

[Event "Ruhrgebiet VL2 0405"]
[Site "Ruhrgebiet"]
[Date "2004.11.28"]
[Round "4.8"]
[White "Lucke, Thomas"]
[Black "Winkler, Otto"]
[Result "1-0"]
[WhiteElo "1880"]
[BlackElo "1843"]
[PlyCount "65"]
[EventDate "2004.09.12"]
[EventType "team-tourn"]
[EventRounds "9"]
[EventCountry "GER"]
[SourceTitle "EXT 2006"]
[Source "ChessBase"]
[SourceDate "2005.11.24"]
[SourceVersion "1"]
[SourceVersionDate "2005.11.24"]
[SourceQuality "1"]
[WhiteTeam "Castrop Rauxel II"]
[BlackTeam "Dortmund FS 98"]
[WhiteTeamCountry "GER"]
[BlackTeamCountry "GER"]

1. d4 d5 2. Nf3 e6 3. g3 Nf6 4. Bg2 c5 5. c3 Nc6 6. 0-0 cxd4 7. cxd4 Be7 8. Nc3 0-0 9. Ne5 Qb6 10. e3 Nxe5 11. dxe5 Nd7 12. f4 f6 13. exf6 Nxf6 14. Qe2 Bd7 15. Bd2 Bb4 16. Rfd1 Bc6 17. a3 Bd6 18. Be1 Rad8 19. b4 a6 20. Rac1 Be7 21. Bf2 Qc7 22. e4 dxe4 23. Nxe4 Rxd1+ 24. Qxd1 Nxe4 25. Bxe4 Rd8 26. Qc2 g6 27. Bxc6 bxc6 28. Qc4 Rd5 29. Qxa6 Qd7 30. Qxc6 Rd1+ 31. Kg2 Qd5+ 32. Qxd5 exd5 33. Rxd1 1-0

[Event "Ruhrgebiet VL2 0405"]
[Site "Ruhrgebiet"]
[Date "2004.10.03"]
[Round "2.7"]
[White "Linker, Walter"]
[Black "Lucke, Thomas"]
[Result "1-0"]
[WhiteElo "2027"]
[BlackElo "1880"]
[PlyCount "67"]
[EventDate "2004.09.12"]
[EventType "team-tourn"]
[EventRounds "9"]
[EventCountry "GER"]
[SourceTitle "EXT 2006"]
[Source "ChessBase"]
[SourceDate "2005.11.24"]
[SourceVersion "1"]
[SourceVersionDate "2005.11.24"]
[SourceQuality "1"]
[WhiteTeam "Dortmund Hansa II"]
[BlackTeam "Castrop Rauxel II"]
[WhiteTeamCountry "GER"]
[BlackTeamCountry "GER"]

1. f4 g6 2. Nf3 Bg7 3. e3 d5 4. c4 c6 5. Be2 Nf6 6. Nc3 Bg4 7. Ne5 Bxe2 8. Qxe2 d4 9. exd4 Qxd4 10. d3 0-0 11. Be3 Qd6 12. 0-0 Nbd7 13. d4 e6 14. Rad1 Qc7 15. Bf2 a6 16. Kh1 b5 17. b3 Rac8 18. Bh4 Rfe8 19. Qf3 b4 20. Na4 Qa7 21. Bxf6 Bxf6 22. Nxd7 Qxd7 23. Nb6 Qa7 24. Nxc8 Rxc8 25. d5 cxd5 26. cxd5 exd5 27. f5 g5 28. Rxd5 Rc2 29. Qe4 Qf2 30. Rg1 Re2 31. Qc4 Rc2 32. Qd3 Rxa2 33. Rd7 Qxf5 34. Rd1 1-0

[Event "Ruhrgebiet VL2 0304"]
[Site "Ruhrgebiet"]
[Date "2004.04.25"]
[Round "9.7"]
[White "Lucke, Thomas"]
[Black "Peters, Olaf"]
[Result "1/2-1/2"]
[WhiteElo "1893"]
[BlackElo "1865"]
[PlyCount "47"]
[EventDate "2003.09.28"]
[EventType "team-tourn"]
[EventRounds "9"]
[EventCountry "GER"]
[SourceTitle "EXT 2007"]
[Source "ChessBase"]
[SourceDate "2006.11.23"]
[SourceVersion "1"]
[SourceVersionDate "2006.11.23"]
[SourceQuality "1"]
[WhiteTeam "Castrop Rauxel II"]
[BlackTeam "Bochum Post"]
[WhiteTeamCountry "GER"]
[BlackTeamCountry "GER"]

1. d4 d5 2. Nf3 Nf6 3. g3 c6 4. Bg2 Bg4 5. 0-0 e6 6. c4 Bd6 7. cxd5 exd5 8. Nc3 0-0 9. Ne5 Bh5 10. f4 Bxe5 11. fxe5 Nfd7 12. Qb3 Qb6 13. Qxb6 Nxb6 14. e4 dxe4 15. Nxe4 a5 16. Nd6 Ra7 17. Bg5 Na6 18. a3 Nc7 19. Rac1 Nbd5 20. Nf5 Re8 21. Nd6 Rf8 22. Nf5 Re8 23. Nd6 Rf8 24. Nf5 1/2-1/2

[Event "Ruhrgebiet VL2 0304"]
[Site "Ruhrgebiet"]
[Date "2004.03.28"]
[Round "8.8"]
[White "Lucke, Thomas"]
[Black "Grofig, Patrick"]
[Result "1-0"]
[WhiteElo "1893"]
[BlackElo "1860"]
[PlyCount "51"]
[EventDate "2003.09.28"]
[EventType "team-tourn"]
[EventRounds "9"]
[EventCountry "GER"]
[SourceTitle "EXT 2007"]
[Source "ChessBase"]
[SourceDate "2006.11.23"]
[SourceVersion "1"]
[SourceVersionDate "2006.11.23"]
[SourceQuality "1"]
[WhiteTeam "Castrop Rauxel II"]
[BlackTeam "Berghofen Wambel"]
[WhiteTeamCountry "GER"]
[BlackTeamCountry "GER"]

1. d4 d5 2. Nf3 Nf6 3. g3 c5 4. Bg2 Nc6 5. 0-0 cxd4 6. Nxd4 e5 7. Nxc6 bxc6 8. c4 Be6 9. Qa4 Qd7 10. Nc3 Rc8 11. cxd5 cxd5 12. Qxd7+ Kxd7 13. Rd1 Rc5 14. Bg5 d4 15. Bxf6 gxf6 16. e3 Rc4 17. exd4 exd4 18. Bf1 Rb4 19. a3 Rxb2 20. Rxd4+ Kc6 21. Bg2+ Kc7 22. Rc1 Bh6 23. f4 Kb8 24. Na4 Rb3 25. Nc5 Rxa3 26. Nxe6 1-0

[Event "Ruhrgebiet VL2 0304"]
[Site "Ruhrgebiet"]
[Date "2003.12.07"]
[Round "4.7"]
[White "Weinert, Christian"]
[Black "Lucke, Thomas"]
[Result "1-0"]
[WhiteElo "2005"]
[BlackElo "1893"]
[PlyCount "114"]
[EventDate "2003.09.28"]
[EventType "team-tourn"]
[EventRounds "9"]
[EventCountry "GER"]
[SourceTitle "EXT 2007"]
[Source "ChessBase"]
[SourceDate "2006.11.23"]
[SourceVersion "1"]
[SourceVersionDate "2006.11.23"]
[SourceQuality "1"]
[WhiteTeam "Mengede SG"]
[BlackTeam "Castrop Rauxel II"]
[WhiteTeamCountry "GER"]
[BlackTeamCountry "GER"]

1. d4 Nf6 2. Nf3 d5 3. Bf4 e6 4. e3 c6 5. c3 Bd6 6. Bg3 b6 7. Bd3 Ba6 8. Bxa6 Nxa6 9. Qa4 Nb8 10. Nbd2 b5 11. Qc2 Bxg3 12. hxg3 Nbd7 13. g4 Nxg4 14. Rxh7 Rxh7 15. Qxh7 Qf6 16. Qh3 Nh6 17. Qg3 Nb6 18. Qc7 Rc8 19. Qxa7 Na4 20. Ne5 Qe7 21. Qxe7+ Kxe7 22. Nd3 Nf5 23. Kf1 Nd6 24. Rc1 Nc4 25. Rc2 f6 26. Nb1 Nab6 27. b3 Nd6 28. Nd2 Kd7 29. Nc5+ Ke7 30. a4 bxa4 31. Nxa4 Nxa4 32. bxa4 Ra8 33. Ra2 Nb5 34. Nb1 Nd6 35. Ke2 Nc4 36. Nd2 Nxd2 37. Kxd2 Kd6 38. Kd3 c5 39. c4 Ra7 40. cxd5 exd5 41. dxc5+ Kxc5 42. a5 Ra6 43. Ra1 g5 44. g4 Kc6 45. Kd4 Kd6 46. f3 Kc6 47. Rc1+ Kd6 48. Rc5 Ke6 49. Rb5 Ke7 50. Kxd5 Rd6+ 51. Kc5 Rd3 52. a6 Rxe3 53. Ra5 Rc3+ 54. Kb6 Rb3+ 55. Rb5 Rxf3 56. a7 Ra3 57. Ra5 Rb3+ 1-0